00205nam a2200097Ia 4500100002300000650000900023245003000032260002500062300000800087546001200095 aVenkateswarlu/N.B  aunix aAdvanced UNIX Programming bBS Publicationc2005 a361 aENGLISH